000
00307nam a2200121Ia 4500
008
190216s9999||||xx |||||||||||||| ||und||
100
_a
James English & Harold G Cassidy
245
0
_a
Princiles Of Organic Chemistry
260
_b
Mcgraw -hill
_c
1961
300
_a
515p
650
_a
Chemistry
942
_c
BK
999
_c
1935
_d
1935